000
00277nam a2200133Ia 4500
100
_a
Parkar/ Tim
942
_c
BK
654
_a
Unix programming
245
_a
Unix Users handbook
260
_b
Galgotia
_a
New Delhi
_c
1993
300
_a
574
546
_a
ENGLISH
999
_c
24965
_d
24965